[Event "Brasschaat op 15th"]
[Site "Brasschaat"]
[Date "2015.08.19"]
[Round "5"]
[White "Cheng, Ngo Hin"]
[Black "Sandu, Mihaela"]
[Result "1-0"]
[WhiteElo "1958"]
[BlackElo "2335"]
[PlyCount "85"]
[EventDate "2015.08.15"]
[EventType "swiss"]
[EventRounds "9"]
[EventCountry "BEL"]
[SourceTitle "EXT 2016"]
[Source "ChessBase"]
[SourceDate "2015.10.08"]
[SourceVersion "1"]
[SourceVersionDate "2015.10.08"]
[SourceQuality "1"]

1. e4 c5 2. Nf3 d6 3. d4 cxd4 4. Nxd4 Nf6 5. Nc3 a6 6. Be3 e6 7. f3 b5 8. Qd2 Bb7 9. 0-0-0 Nbd7 10. g4 Nb6 11. g5 Nfd7 12. Qf2 Rc8 13. h4 Rxc3 14. bxc3 Qc7 15. Bxb5 axb5 16. Nxb5 Qc6 17. Na7 Qxc3 18. Bxb6 Qa3+ 19. Kd2 d5 20. Bd4 e5 21. exd5 Bb4+ 22. c3 exd4 23. cxb4 Qc3+ 24. Ke2 Qc4+ 25. Ke1 0-0 26. Qxd4 Re8+ 27. Kf2 Re2+ 28. Kg3 Qc7+ 29. f4 Qc2 30. Rhe1 Rg2+ 31. Kf3 Nf8 32. Qc5 Rh2 33. Qxc2 Rxc2 34. Re7 Ba8 35. Re8 Bb7 36. Rb8 Rc7 37. Nb5 Rd7 38. Nc3 f5 39. h5 Kf7 40. Ke3 Rc7 41. Kd4 Nd7 42. d6 Rxc3 43. Kxc3 1-0

[Event "NBSB-chB"]
[Site "Roosendaal"]
[Date "2009.08.29"]
[Round "4"]
[White "Auwens, Michiel"]
[Black "Cheng, Ngo Hin"]
[Result "0-1"]
[WhiteElo "1888"]
[BlackElo "1899"]
[PlyCount "38"]
[EventDate "2009.08.28"]
[EventType "swiss (rapid)"]
[EventRounds "6"]
[EventCountry "NED"]
[SourceTitle "CBM 132 Extra"]
[Source "ChessBase"]
[SourceDate "2009.11.03"]
[SourceVersion "1"]
[SourceVersionDate "2009.11.03"]
[SourceQuality "1"]

1. e4 e5 2. Nf3 Nc6 3. d4 exd4 4. c3 d5 5. e5 dxc3 6. Nxc3 Bb4 7. a3 Bxc3+ 8. bxc3 Nge7 9. Bd3 Bg4 10. Rb1 Nxe5 11. Rxb7 Bxf3 12. gxf3 Nxd3+ 13. Qxd3 0-0 14. Rg1 Ng6 15. f4 Re8+ 16. Kf1 Qc8 17. Rb2 Qe6 18. Be3 Qh3+ 19. Ke1 Qxh2 0-1

[Event "NBSB-chB"]
[Site "Roosendaal"]
[Date "2009.08.29"]
[Round "2"]
[White "Cheng, Ngo Hin"]
[Black "Leentjens, Gilbert"]
[Result "1-0"]
[WhiteElo "1899"]
[BlackElo "1832"]
[PlyCount "91"]
[EventDate "2009.08.28"]
[EventType "swiss (rapid)"]
[EventRounds "6"]
[EventCountry "NED"]
[SourceTitle "CBM 132 Extra"]
[Source "ChessBase"]
[SourceDate "2009.11.03"]
[SourceVersion "1"]
[SourceVersionDate "2009.11.03"]
[SourceQuality "1"]

1. e4 e5 2. Nf3 Nc6 3. Bc4 Nf6 4. d3 Bc5 5. c3 d6 6. 0-0 Bb6 7. Re1 0-0 8. Bg5 Be6 9. Nbd2 Ne7 10. Nh4 Qd7 11. h3 Kh8 12. Bb3 Bxb3 13. axb3 Nfg8 14. g4 c6 15. Nc4 Bc7 16. d4 f6 17. Be3 exd4 18. Qxd4 d5 19. exd5 b5 20. d6 Nd5 21. dxc7 bxc4 22. bxc4 Nb6 23. Qxd7 Nxd7 24. Rxa7 Rxa7 25. Bxa7 Rc8 26. Bb8 Nxb8 27. cxb8Q Rxb8 28. b4 g6 29. c5 Kg7 30. Re6 Rc8 31. Nf3 Kf7 32. Nd4 Ne7 33. Rd6 h6 34. Kf1 Nd5 35. Rxc6 Rxc6 36. Nxc6 Nxc3 37. Nd4 Ke7 38. Ke1 Nd5 39. b5 Nf4 40. c6 Kd8 41. b6 Kc8 42. Nb5 Nd5 43. Nd6+ Kb8 44. c7+ Nxc7 45. bxc7+ Kxc7 46. Ne8+ 1-0

[Event "Vlissingen HZ op 13th"]
[Site "Vlissingen"]
[Date "2009.08.02"]
[Round "3"]
[White "Cheng, Ngo Hin"]
[Black "In't Veld, Daan"]
[Result "0-1"]
[WhiteElo "1963"]
[BlackElo "2173"]
[PlyCount "54"]
[EventDate "2009.08.01"]
[EventType "swiss"]
[EventRounds "9"]
[EventCountry "NED"]
[SourceTitle "CBM 131 Extra"]
[Source "ChessBase"]
[SourceDate "2009.09.03"]
[SourceVersion "2"]
[SourceVersionDate "2009.09.16"]
[SourceQuality "1"]

1. e4 c5 2. Nf3 e6 3. c3 Nf6 4. e5 Nd5 5. d4 cxd4 6. cxd4 d6 7. Bd3 Nc6 8. 0-0 Ndb4 9. Bc4 dxe5 10. a3 e4 11. axb4 exf3 12. d5 exd5 13. Bxd5 Bxb4 14. Qxf3 0-0 15. Rd1 Qe7 16. Nc3 Bd7 17. Bf4 Rae8 18. Ne4 Be6 19. Ng3 Bxd5 20. Rxd5 Rd8 21. Rg5 Nd4 22. Qg4 f6 23. Rh5 Rfe8 24. h4 a5 25. Kh2 Qe6 26. Nf5 Nxf5 27. Rxf5 g6 0-1

[Event "Vlissingen HZ op 11th"]
[Site "Vlissingen"]
[Date "2007.08.11"]
[Round "9"]
[White "Cheng, Ngo Hin"]
[Black "Grochal, Joey"]
[Result "0-1"]
[WhiteElo "1992"]
[BlackElo "2152"]
[PlyCount "106"]
[EventDate "2007.08.04"]
[EventType "swiss"]
[EventRounds "9"]
[EventCountry "NED"]
[SourceTitle "CBM 119 Extra"]
[Source "ChessBase"]
[SourceDate "2007.09.04"]
[SourceVersion "1"]
[SourceVersionDate "2007.09.04"]
[SourceQuality "1"]

1. e4 c5 2. Nf3 Nc6 3. c3 Nf6 4. e5 Nd5 5. d4 cxd4 6. cxd4 d6 7. Bc4 Nb6 8. Bb3 Bf5 9. 0-0 e6 10. Nc3 Be7 11. Bf4 dxe5 12. dxe5 Qxd1 13. Raxd1 a6 14. Nd4 Nxd4 15. Rxd4 Bc5 16. Rd2 Rd8 17. Rfd1 Rxd2 18. Rxd2 Ke7 19. Kf1 Rc8 20. Na4 Nxa4 21. Bxa4 b5 22. Bd1 h6 23. Ke2 a5 24. Be3 g5 25. g3 b4 26. Ba4 Bb1 27. Rd1 Bxe3 28. Rxb1 Bd4 29. f4 gxf4 30. gxf4 Rg8 31. Kf3 Bg1 32. h4 h5 33. Rd1 Rg4 34. Rd7+ Kf8 35. Rd8+ Kg7 36. Ra8 Bh2 37. Rxa5 Bxf4 38. Rb5 Bc1 39. Bd1 Bxb2 40. Kf2 Rxh4 41. Kg3 Re4 42. Bxh5 Rxe5 43. Rxb4 Rxh5 44. Rxb2 Ra5 45. Kf4 Kf6 46. Ke4 Ra4+ 47. Kd3 e5 48. Kc3 e4 49. Kb3 Ra8 50. Rf2+ Ke6 51. a4 f5 52. Kb4 Ke5 53. a5 e3 0-1